Online
Catalog

Indígenas e indios en el Caribe ; presencia, legado y estudio / (Record no. 48386)

MARC details
000 -CABECERA
campo de control de longitud fija 02531nam a2200349 a 4500
001 - NÚMERO DE CONTROL
campo de control 000048898
003 - IDENTIFICADOR DEL NÚMERO DE CONTROL
campo de control DO-SdBNP
005 - FECHA Y HORA DE LA ÚLTIMA TRANSACCIÓN
campo de control 20251202111711.0
007 - CAMPO FIJO DE DESCRIPCIÓN FÍSICA--INFORMACIÓN GENERAL
campo de control de longitud fija ta
008 - DATOS DE LONGITUD FIJA--INFORMACIÓN GENERAL
campo de control de longitud fija 190430s2016 dr a 000 0 spa d
020 ## - NÚMERO INTERNACIONAL ESTÁNDAR DEL LIBRO
Número Internacional Estándar del Libro 9789945472677
040 ## - FUENTE DE LA CATALOGACIÓN
Centro catalogador/agencia de origen DO-SdBNP
Lengua de catalogación spa
Centro/agencia transcriptor BNPHU
082 #4 - NÚMERO DE LA CLASIFICACIÓN DECIMAL DEWEY
Número de clasificación 972.901
Número de documento/Ítem I39i
Número de edición 22
245 04 - MENCIÓN DE TÍTULO
Título Indígenas e indios en el Caribe ; presencia, legado y estudio /
Mención de responsabilidad, etc. edición y compilación Jorge Ulloa Hung y Roberto Valcárcel Rojas ; prólogo Olga Portuondo Zúñiga.
260 ## - PUBLICACIÓN, DISTRIBUCIÓN, ETC.
Lugar de publicación, distribución, etc. Santo Domingo :
Nombre del editor, distribuidor, etc. INTEC,
Fecha de publicación, distribución, etc. 2016.
300 ## - DESCRIPCIÓN FÍSICA
Extensión xv, 309 p. :
Otras características físicas il. ;
Dimensiones 23 cm.
490 1# - MENCIÓN DE SERIE
Mención de serie Los indígenas más allá de Colón
Designación de volumen o secuencia 1
500 ## - NOTA GENERAL
Nota general Incluye datos biográficos de los autores
500 ## - NOTA GENERAL
Nota general Incluye referencias bibliográficas y notas al pie de las páginas
504 ## - NOTA DE BIBLIOGRAFÍA, ETC.
Nota de bibliografía, etc. Incluye referencias bibliográficas al final de los capítulos
505 0# - NOTA DE CONTENIDO CON FORMATO
Información miscelánea v.1. Indígenas e indios en el Caribe, presencia, legado y estudio --
Nota de contenido con formato Prólogo --
Título Prefacio --
Mención de responsabilidad Jorge Ulloa Hung ---
Título Seccioón I. Repensando presencias.
-- Cuba. Indios después de Colón /
Mención de responsabilidad Roberto Valcárcel Rojas --
Título Sobre nuestras indigenidades boricuas /
-- El problema del "indio" en Cuba /
Mención de responsabilidad Pedro Pablo Godo Torres --
-- Reniel Rodríguez Ramos y Jaime R. Pagán Jiménez --
Título La contribución indígena a la biografía del paisaje cultural de la República Dominicana. Una revisión preliminar /
Mención de responsabilidad Jana Pesoutova y Corinne L. Hofman
Información miscelánea Sección II. Estudios sobre presencia y legado indígena : una mirada crítica
Título El Colonialismo y las arqueologías del Cribe hispano /
Mención de responsabilidad L. Antonio Curet --
Título Colonialismo, indigenismo, y arqueología en República Dominicana : silencios confusos y encumbrimientos diversos /
Mención de responsabilidad Jorge Ulloa Hung --
Título El indígena y el uso de las Crónicas de Indias en la historiografía nacional de Cuba /
Mención de responsabilidad Ulises M. González Herrera
Información miscelánea Sección III. Homenaje.
Título Una mosca arqueológica o la historia de un personaje con historia /
Mención de responsabilidad Marcio Veloz Maggiolo --
Título El indígena y la formación de la nacionalidad cubana /
Mención de responsabilidad María Nelsa Trincado --.
590 ## - NOTA LOCAL (RLIN)
Nota local Inventariado, 2019/LP
650 #0 - PUNTO DE ACCESO ADICIONAL DE MATERIA--TÉRMINO DE MATERIA
Término de materia o nombre geográfico como elemento de entrada Indios de las Antillas
9 (RLIN) 1049
650 #4 - PUNTO DE ACCESO ADICIONAL DE MATERIA--TÉRMINO DE MATERIA
Término de materia o nombre geográfico como elemento de entrada Arqueología indígena
Subdivisión geográfica Caribe (Región)
9 (RLIN) 16016
700 1# - PUNTO DE ACCESO ADICIONAL--NOMBRE DE PERSONA
Nombre de persona Portuondo Zúñiga, Olga,
Fechas asociadas al nombre 1944-
Término indicativo de función/relación pról
9 (RLIN) 13095
700 1# - PUNTO DE ACCESO ADICIONAL--NOMBRE DE PERSONA
Nombre de persona Ulloa Hung, Jorge,
Término indicativo de función/relación ed.
9 (RLIN) 72231
700 1# - PUNTO DE ACCESO ADICIONAL--NOMBRE DE PERSONA
Nombre de persona Valcárcel Rojas, Roberto,
Término indicativo de función/relación ed.
9 (RLIN) 75820
710 2# - PUNTO DE ACCESO ADICIONAL--NOMBRE DE ENTIDAD CORPORATIVA
Código de función/relación Instituto Tecnológico de Santo Domingo
830 #0 - PUNTO DE ACCESO ADICIONAL DE SERIE-TÍTULO UNIFORME
Título uniforme Los indígenas más allá de Colón;
Número de parte o sección de la obra 1
9 (RLIN) 76336
910 ## - DATOS DE OPCIÓN DEL USUARIO (OCLC)
Datos de opción del usuario Validado. Control de calidad MFF
942 ## - ELEMENTOS DE PUNTO DE ACCESO ADICIONAL (KOHA)
Fuente del sistema de clasificación o colocación Dewey Decimal Classification
Tipo de ítem Koha Libro
Holdings
Estado de retiro Estado de pérdida Fuente del sistema de clasificación o colocación Restricciones de uso No para préstamo Código de colección Localización permanente Ubicación/localización actual Ubicación en estantería Fecha de adquisición Fuente de adquisición Signatura topográfica completa Código de barras Fecha visto por última vez Número de copia Precio válido a partir de Tipo de ítem Koha
    Dewey Decimal Classification Préstamo en sala   Dominicana de Servicio Biblioteca Nacional Pedro Henríquez Ureña Biblioteca Nacional Pedro Henríquez Ureña Depósito 30.04.2019 Depósito Legal BNPHU DS 972.901 I39i 48898-30 25.06.2020 e. 3 25.06.2020 Libro
    Dewey Decimal Classification Excluido de préstamo   Patrimonio Dominicano Biblioteca Nacional Pedro Henríquez Ureña Biblioteca Nacional Pedro Henríquez Ureña Depósito 30.04.2019 Depósito Legal BNPHU PD 972.901 I39i 48898-10 25.06.2020   25.06.2020 Libro
    Dewey Decimal Classification Excluido de préstamo   Patrimonio Dominicano Biblioteca Nacional Pedro Henríquez Ureña Biblioteca Nacional Pedro Henríquez Ureña Depósito 30.04.2019 Depósito Legal BNPHU PD 972.901 I39i 48898-20 25.06.2020 e. 2 25.06.2020 Libro

Powered by Koha